AFL top 5 goal kickers in a season since 2010 - Statistics

General Stats
  • This quiz has been taken 25 times
  • The average score is 25 of 35
Answer Stats
Hint Answer % Correct
Carlon 2010 Andrew Walker
100%
Brisbane 2021 Charlie Cameron
100%
Geelong/GWS (6) Jeremy Cameron
100%
West Coast (7) Joshua Kennedy
100%
Sydney/Hawthorn (9) Lance Franklin
100%
Adelaide (3) Taylor Walker
100%
Richmond/Gold Coast (4) Tom Lynch
100%
Carlton (3) Charlie Curnow
95%
Richmond (7) Jack Riewoldt
95%
Brisbane/Essondon (3) Joe Daniher
95%
North Melbourne 2023 Nick Larkey
95%
Geelong (6) Tom Hawkins
95%
Carlton 2021 Harry Mckay
82%
Hawthorn (2) Jack Gunston
82%
GWS 2024 Jesse Hogan
82%
Bulldogs 2025 Aaron Naughton
77%
Gold Coast (2) Ben King
73%
Adelaide (3) Eddie Betts
73%
Hawthorn (2) Jarryd Roughead
73%
Adelaide 2025 Riley Thilthorpe
73%
North Melbourne (3) Ben Brown
68%
GWS 2023 Toby Greene
68%
Melbourne (2) Bayley Fritsch
64%
Port Adelaide 2020 Charlie Dixon
64%
Collingwood 2025 Jamie Elliott
64%
Fremantle 2012 Matthew Pavlich
64%
West Coast 2019 Jack Darling
55%
Hawthorn 2018 Luke Breust
55%
Collingwood (2) Travis Cloke
55%
Geelong 2010 Steve Johnson
50%
West Coast 2010 Marc Lecras
41%
Bulldogs 2010 Barry Hall
36%
Adelaide 2016 Josh Jenkins
27%
St Kilda 2011 Stephen Milne
27%
Port Adelaide 2014 Jay Shultz
9%
No matching quizzes found
Score Distribution
Percent of People with Each Score
Percentile by Number Answered
Your Score History
You have not taken this quiz